| 000 | 00606 a2200205 4500 | ||
|---|---|---|---|
| 005 | 20240509113845.0 | ||
| 010 | _aB-758872 | ||
| 020 | _c595.00 | ||
| 035 | _aB-758872 | ||
| 037 | _bGift/Unesco | ||
| 082 | _a305.8991554 | ||
| 245 |
_aAsserting Voices/ _bEdited by- Hemant Joshi [and] Sanjay Kumar |
||
| 260 |
_aDelhi _bDeshkal Publication _c2002 |
||
| 270 | _a Delhi | ||
| 300 |
_a176 p.; _c24cm. (Hb) |
||
| 700 |
_aJoshi, Hemant _966003 |
||
| 700 |
_aSanjay Kumar _966004 |
||
| 942 |
_adpl _cEN _2ddc _h305.8991554 _mASS |
||
| 999 |
_c202760 _d202760 |
||